Was ist größer? #1 - Statistiken

Allgemein
  • Dieses Quiz wurde 533 mal gespielt
  • Das Durchschnittsergebnis liegt bei 7 aus 15
Antwortstatistiken
Frage Antwort % Korrekt
Sardinien oder Sizilien? Sizilien
80%
Arizona oder Utah? Arizona
73%
Yellowstone oder Yosemite Nationalpark? Yellowstone
67%
Afrika oder Nordamerika? Afrika
60%
Die Kokosinseln (Keelinginseln) oder die Weihnachtsinsel? Weihnachtsinsel
60%
Nordkorea oder Südkorea? Nordkorea
53%
Neuseelands Nord- oder Südinsel? Südinsel
53%
Der Amazonas-Regenwald oder die Sahara? Sahara
47%
Das Kaspische Meer oder das Schwarze Meer? Schwarze Meer
40%
Burundi oder Ruanda? Burundi
33%
Sulawesi oder Java? Sulawesi
33%
Der Eriesee oder der Ontariosee? Eriesee
27%
Flandern oder die Wallonie? Wallonie
27%
Singapur oder Hong Kong? Hong Kong
20%
Die Atacama-Wüste oder die Mojave-Wüste? Mojave
13%
Keine übereinstimmenden Quizze gefunden
Verteilung der Resultate
Anzahl Personen mit jedem Resultat
Perzentil nach korrekt beantworteten Fragen
Ihre Resultats-Entwicklung
Sie haben dieses Quiz noch nicht gespielt